The quick & easy way to effective speaking : (Record no. 17796)

MARC details
000 -LEADER
fixed length control field 00942nam a22002535a 4500
005 - DATE AND TIME OF LATEST TRANSACTION
control field 20201128021004.0
008 - FIXED-LENGTH DATA ELEMENTS--GENERAL INFORMATION
fixed length control field 131209s1977 nyu fr 000 0 eng d
020 ## - INTERNATIONAL STANDARD BOOK NUMBER
International Standard Book Number 067172002
020 ## - INTERNATIONAL STANDARD BOOK NUMBER
International Standard Book Number 9780671724009
040 ## - CATALOGING SOURCE
Original cataloging agency EG-SCBUE
Language of cataloging eng
Transcribing agency EG-SCBUE
Modifying agency EG-SCBUE
082 04 - DEWEY DECIMAL CLASSIFICATION NUMBER
Edition number 22
Classification number 158.2
Item number CAR
110 2# - MAIN ENTRY--CORPORATE NAME
9 (RLIN) 34547
Corporate name or jurisdiction name as entry element Dale Carnegie & Associates.
245 14 - TITLE STATEMENT
Title The quick & easy way to effective speaking :
Remainder of title modern techniques for dynamic communication /
Statement of responsibility, etc Dale Carnegie ; revision by Dorthy Carnegie.
246 33 - VARYING FORM OF TITLE
Title proper/short title The quick and easy way to effective speaking
246 30 - VARYING FORM OF TITLE
Title proper/short title Modern techniques for dynamic communication
260 ## - PUBLICATION, DISTRIBUTION, ETC. (IMPRINT)
Place of publication, distribution, etc New York :
Name of publisher, distributor, etc Pocket Books,
Date of publication, distribution, etc 1977.
300 ## - PHYSICAL DESCRIPTION
Extent xi, 221 p. ;
Dimensions 18 cm.
650 #7 - SUBJECT ADDED ENTRY--TOPICAL TERM
9 (RLIN) 1867
Topical term or geographic name as entry element Public speaking.
Source of heading or term BUEsh
650 #7 - SUBJECT ADDED ENTRY--TOPICAL TERM
9 (RLIN) 3717
Topical term or geographic name as entry element Business presentations.
Source of heading or term BUEsh
651 ## - SUBJECT ADDED ENTRY--GEOGRAPHIC NAME
Source of heading or term BUEsh
653 ## - INDEX TERM--UNCONTROLLED
Arrived date list December2013
-- January2018
Resource For college Generalities
700 1# - ADDED ENTRY--PERSONAL NAME
9 (RLIN) 34559
Personal name Carnegie, Dorthy
Relator term reviewer.
942 ## - ADDED ENTRY ELEMENTS (KOHA)
Source of classification or shelving scheme Dewey Decimal Classification
Item type Book - Borrowing
Call number prefix 158.2 CAR
Holdings
Withdrawn status Item status Source of classification or shelving scheme Damaged status Not for loan Vendor Home library Current library Shelving location Date acquired Cost, normal purchase price Total Checkouts Total Renewals Full call number Barcode Date last seen Date last borrowed Cost, replacement price Koha item type Source of acquisition
  Lost and Paid For Dewey Decimal Classification     سور الازبكية Central Library Central Library Lower Floor 09/12/2013 100.00 9 72 158.2 CAR 000035129 28/09/2017 28/09/2017 125.00 Book - Borrowing  
    Dewey Decimal Classification       Central Library Central Library Lower Floor 09/01/2018   5 21 158.2 CAR 000047124 15/07/2025 29/01/2022   Book - Borrowing  
    Dewey Decimal Classification     Donation-Gift Central Library Central Library Lower Floor 14/05/2018   1   158.2 CAR 000047776 18/11/2021 13/11/2021   Book - Borrowing Donation